Họa san
v.v...
Đã lưu trong:
| Tác giả chính: | |
|---|---|
| Định dạng: | Sách |
| Năm xuất bản: |
H.:
Thông tấn xã Việt Nam,
...
|
| Chủ đề: | |
| Tags: |
Thêm thẻ
Không có thẻ, Hãy là người đầu tiên gắn thẻ bản ghi này!
|
| LEADER | 00508nam a2200145 4500 | ||
|---|---|---|---|
| 082 | |a 751.75 |b L550T | ||
| 100 | |a Lư Tòng Đạo | ||
| 245 | |a Họa san |c Lư Tòng Đạo; Túy Mạc Lân sưu tầm | ||
| 260 | |a H.: |b Thông tấn xã Việt Nam, |c ... | ||
| 300 | |a 160tr.; |c 36cm. | ||
| 520 | |a v.v... | ||
| 653 | |a Tranh phong cảnh | ||
| 942 | |2 ddc |c SH | ||
| 999 | |c 12878 |d 12878 | ||
| 952 | |0 0 |1 0 |2 ddc |4 0 |6 751_750000000000000_L550T |7 0 |8 700 |9 107004 |a qbu |b qbu |c D5 |d 2016-04-13 |o 751.75 L550T |p 11859.c1 |r 0000-00-00 |w 2016-04-13 |y SH | ||